Normal view
MARC view
Entry Personal Name
001 - CONTROL NUMBER
- control field: 16652
003 - CONTROL NUMBER IDENTIFIER
- control field: OSt
005 - DATE AND TIME OF LATEST TRANSACTION
- control field: 20230927074442.0
008 - FIXED-LENGTH DATA ELEMENTS
- fixed length control field: 230927|| aca||aabn | a|a d
040 ## - CATALOGING SOURCE
- Original cataloging agency: OSt
- Transcribing agency: OSt
100 ## - HEADING--PERSONAL NAME
- Personal name: Martin, Robert C
670 ## - SOURCE DATA FOUND
- Source citation: Work cat.: (OSt)8157: Martin, Robert C., Clean Code: a handbook of agile software craftsmanship
